Goldilocks and the three bears / (Record no. 4502)

MARC details
000 -LEADER
fixed length control field 00964nam a22002777a 4500
001 - CONTROL NUMBER
control field 4502
003 - CONTROL NUMBER IDENTIFIER
control field FISKH
005 - DATE AND TIME OF LATEST TRANSACTION
control field 20240912113107.0
008 - FIXED-LENGTH DATA ELEMENTS--GENERAL INFORMATION
fixed length control field 240912b cb ||||| |||| 00| 0 eng d
020 ## - INTERNATIONAL STANDARD BOOK NUMBER
International Standard Book Number 9780448450698
040 ## - CATALOGING SOURCE
Original cataloging agency FISKH
Language of cataloging eng
Transcribing agency FISKH
Modifying agency FISKH
050 ## - LIBRARY OF CONGRESS CALL NUMBER
Classification number PE1119
100 ## - MAIN ENTRY--PERSONAL NAME
Personal name Sander, Sonia
Dates associated with a name Adaptor
245 ## - TITLE STATEMENT
Title Goldilocks and the three bears /
Statement of responsibility, etc. Adapted by Sonia Sander : illustrated by John Huxtable
260 ## - PUBLICATION, DISTRIBUTION, ETC.
Place of publication, distribution, etc. New York :
Name of publisher, distributor, etc. Penguin Young Readers ;
Date of publication, distribution, etc. 2009.
300 ## - PHYSICAL DESCRIPTION
Extent 30 pages :
Other physical details color illustrations;
Dimensions 24 cm .
490 ## - SERIES STATEMENT
Series statement All aboard reading
505 ## - FORMATTED CONTENTS NOTE
Formatted contents note G <br/>
520 ## - SUMMARY, ETC.
Summary, etc. The Super Readers fly into the story of Goldilocks and the Three Bears to see what Goldilocks does when she makes a mess in the Three Bears house.
521 8# - TARGET AUDIENCE NOTE
Target audience note 400 <br/>
Source Lexile estimate <br/>
521 8# - TARGET AUDIENCE NOTE
Target audience note G <br/>
Source Raz-Plus <br/>
650 ## - SUBJECT ADDED ENTRY--TOPICAL TERM
Topical term or geographic name entry element superhero
Form subdivision fairy tales
700 ## - ADDED ENTRY--PERSONAL NAME
Personal name Huxtable, John
Relator term illustrator
942 ## - ADDED ENTRY ELEMENTS (KOHA)
Source of classification or shelving scheme Dewey Decimal Classification
Koha item type Books
Suppress in OPAC No
Holdings
Withdrawn status Lost status Source of classification or shelving scheme Damaged status Not for loan Collection Home library Current library Shelving location Date acquired Total Checkouts Full call number Barcode Date last seen Copy number Price effective from Koha item type Date last checked out
    Dewey Decimal Classification     Juvenile Fiction Footprints International School Library Network Toul Kork Campus Footprints International School Library Network Toul Kork Campus   09/12/2024   SAN PE1119 FIS03343 09/12/2024 1 09/12/2024 Books  
    Dewey Decimal Classification     Juvenile Fiction Footprints International School Library Network Toul Kork Campus Footprints International School Library Network Toul Kork Campus TK Primary Library Room(4th Floor), Bookcase 1&2, Shelves 1-16, Dark Blue Books 12/18/2024 1 SAN PE1119 FISTK02112 06/05/2025 2 12/18/2024 Books 03/13/2025